[Event "Otvoreno prvenstvo Paraæina za 2012. god"]
[Site "DCK - Paraæin"]
[Date "2012.01.22"]
[Round "5.2"]
[White "Brankovic, Dejan"]
[Black "Dinic, Dragan"]
[Result "1/2-1/2"]
[WhiteElo "2350"]
[BlackElo "2310"]
[PlyCount "21"]
[EventDate "2012.01.20"]

1. c4 {[%emt 0:00:00]} Nf6 2. g3 c6 3. d3 d5 4. Nd2 g6 5. Bg2 Bg7 6. Ngf3 O-O
7. O-O Bg4 8. h3 Bxf3 9. Bxf3 e5 10. Bg2 Re8 11. Qb3 1/2-1/2

[Event "Otvoreno prvenstvo Paraæina za 2012. god"]
[Site "DCK - Paraæin"]
[Date "2012.01.22"]
[Round "5.3"]
[White "Mladenovic, Stefan"]
[Black "Garic, Radomir"]
[Result "1/2-1/2"]
[WhiteElo "2181"]
[BlackElo "2274"]
[PlyCount "51"]
[EventDate "2012.01.20"]

1. d4 {[%emt 0:00:00]} Nf6 {[%emt 0:00:00]} 2. c4 {[%emt 0:00:00]} c5 {[%emt 0:
00:00]} 3. d5 {[%emt 0:00:00]} b5 {[%emt 0:00:00]} 4. cxb5 {[%emt 0:00:00]} a6
{[%emt 0:00:00]} 5. bxa6 {[%emt 0:00:00]} g6 {[%emt 0:00:00]} 6. Nc3 {[%emt 0:
00:00]} Bxa6 {[%emt 0:00:00]} 7. g3 {[%emt 0:00:00]} d6 {[%emt 0:00:00]} 8. Bg2
{[%emt 0:00:00]} Bg7 {[%emt 0:00:00]} 9. Nf3 {[%emt 0:00:00]} O-O {[%emt 0:00:
00]} 10. Rb1 {[%emt 0:00:00]} Nbd7 {[%emt 0:00:00]} 11. O-O {[%emt 0:00:00]}
Qa5 {[%emt 0:00:00]} 12. Bd2 {[%emt 0:00:00]} Rfb8 {[%emt 0:00:00]} 13. b3 {
[%emt 0:00:00]} Ne8 {[%emt 0:00:00]} 14. Qc2 {[%emt 0:00:00]} Bc8 {[%emt 0:00:
00]} 15. a4 {[%emt 0:00:00]} Nc7 {[%emt 0:00:00]} 16. Nb5 {[%emt 0:00:00]} Qb6
{[%emt 0:00:00]} 17. Nxc7 {[%emt 0:00:00]} Qxc7 {[%emt 0:00:00]} 18. Bc3 {
[%emt 0:00:00]} Bxc3 {[%emt 0:00:00]} 19. Qxc3 {[%emt 0:00:00]} Rb4 {[%emt 0:
00:00]} 20. Nd2 {[%emt 0:00:00]} Ba6 {[%emt 0:00:00]} 21. Rfe1 {[%emt 0:00:00]}
Rab8 {[%emt 0:00:00]} 22. e4 {[%emt 0:00:00]} Qa7 {[%emt 0:00:00]} 23. h3 {
[%emt 0:00:00]} Ne5 {[%emt 0:00:00]} 24. Bf1 {[%emt 0:00:00]} Rd4 {[%emt 0:00:
00]} 25. Nf3 {[%emt 0:00:00]} Nxf3+ {[%emt 0:00:00]} 26. Qxf3 {[%emt 0:00:00]}
1/2-1/2

[Event "Otvoreno prvenstvo Paraæina za 2012. god"]
[Site "DCK - Paraæin"]
[Date "2012.01.22"]
[Round "5.4"]
[White "Zivkovic, Zivojin"]
[Black "Novoselski, Zoran"]
[Result "0-1"]
[WhiteElo "1979"]
[BlackElo "2389"]
[PlyCount "90"]
[EventDate "2012.01.20"]

1. Nf3 {[%emt 0:00:00]} c5 {[%emt 0:00:00]} 2. g3 {[%emt 0:00:00]} Nc6 {[%emt
0:00:00]} 3. Bg2 {[%emt 0:00:00]} e5 {[%emt 0:00:00]} 4. d3 {[%emt 0:00:00]} d5
{[%emt 0:00:00]} 5. O-O {[%emt 0:00:00]} f6 {[%emt 0:00:00]} 6. Nbd2 {[%emt 0:
00:00]} Be6 {[%emt 0:00:00]} 7. e4 {[%emt 0:00:00]} d4 {[%emt 0:00:00]} 8. a4 {
[%emt 0:00:00]} Qd7 {[%emt 0:00:00]} 9. Nc4 {[%emt 0:00:00]} b6 {[%emt 0:00:00]
} 10. Nh4 {[%emt 0:00:00]} O-O-O {[%emt 0:00:00]} 11. f4 {[%emt 0:00:00]} Bxc4
{[%emt 0:00:00]} 12. dxc4 {[%emt 0:00:00]} d3 {[%emt 0:00:00]} 13. cxd3 {[%emt
0:00:00]} Qxd3 {[%emt 0:00:00]} 14. Qxd3 {[%emt 0:00:00]} Rxd3 {[%emt 0:00:00]}
15. fxe5 {[%emt 0:00:00]} Nxe5 {[%emt 0:00:00]} 16. a5 {[%emt 0:00:00]} Kb7 {
[%emt 0:00:00]} 17. axb6 {[%emt 0:00:00]} Kxb6 {[%emt 0:00:00]} 18. Bf4 {[%emt
0:00:00]} Nc6 {[%emt 0:00:00]} 19. Rf3 {[%emt 0:00:00]} Rxf3 {[%emt 0:00:00]}
20. Nxf3 {[%emt 0:00:00]} g5 {[%emt 0:00:00]} 21. Be3 {[%emt 0:00:00]} g4 {
[%emt 0:00:00]} 22. Ne1 {[%emt 0:00:00]} Bh6 {[%emt 0:00:00]} 23. Nc2 {[%emt 0:
00:00]} Ne5 {[%emt 0:00:00]} 24. Bxh6 {[%emt 0:00:00]} Nxh6 {[%emt 0:00:00]}
25. Ne3 {[%emt 0:00:00]} Rd8 {[%emt 0:00:00]} 26. Nd5+ {[%emt 0:00:00]} Kb7 {
[%emt 0:00:00]} 27. Ra5 {[%emt 0:00:00]} Rc8 {[%emt 0:00:00]} 28. Rb5+ {[%emt
0:00:00]} Ka6 {[%emt 0:00:00]} 29. Bf1 {[%emt 0:00:00]} Nf3+ {[%emt 0:00:00]}
30. Kh1 {[%emt 0:00:00]} Nd4 {[%emt 0:00:00]} 31. Nxf6 {[%emt 0:00:00]} Nxb5 {
[%emt 0:00:00]} 32. cxb5+ {[%emt 0:00:00]} Ka5 {[%emt 0:00:00]} 33. Bc4 {[%emt
0:00:00]} Rd8 {[%emt 0:00:00]} 34. b3 {[%emt 0:00:00]} Kb4 {[%emt 0:00:00]} 35.
e5 {[%emt 0:00:00]} Nf5 {[%emt 0:00:00]} 36. Nd5+ {[%emt 0:00:00]} Ka3 {[%emt
0:00:00]} 37. e6 {[%emt 0:00:00]} Rd6 {[%emt 0:00:00]} 38. Nf4 {[%emt 0:00:00]}
Ne3 {[%emt 0:00:00]} 39. Kg1 {[%emt 0:00:00]} Nxc4 {[%emt 0:00:00]} 40. bxc4 {
[%emt 0:00:00]} Rd4 {[%emt 0:00:00]} 41. Kf2 {[%emt 0:00:00]} Re4 {[%emt 0:00:
00]} 42. Nd3 {[%emt 0:00:00]} Rxe6 {[%emt 0:00:00]} 43. Nxc5 {[%emt 0:00:00]}
Rf6+ {[%emt 0:00:00]} 44. Ke3 {[%emt 0:00:00]} Kb4 {[%emt 0:00:00]} 45. Ne4 {
[%emt 0:00:00]} Re6 {[%emt 0:00:00]} 0-1

[Event "Otvoreno prvenstvo Paraæina za 2012. god"]
[Site "DCK - Paraæin"]
[Date "2012.01.22"]
[Round "5.5"]
[White "Milosevic, Aleksandar"]
[Black "Antic, Nenad"]
[Result "1-0"]
[WhiteElo "2276"]
[BlackElo "2066"]
[PlyCount "103"]
[EventDate "2012.01.20"]

1. Nf3 {[%emt 0:00:00]} Nf6 {[%emt 0:00:00]} 2. c4 {[%emt 0:00:00]} e6 {[%emt
0:00:00]} 3. Nc3 {[%emt 0:00:00]} d5 {[%emt 0:00:00]} 4. d4 {[%emt 0:00:00]}
Be7 {[%emt 0:00:00]} 5. Bg5 {[%emt 0:00:00]} h6 {[%emt 0:00:00]} 6. Bh4 {[%emt
0:00:00]} O-O {[%emt 0:00:00]} 7. e3 {[%emt 0:00:00]} b6 {[%emt 0:00:00]} 8.
Be2 {[%emt 0:00:00]} dxc4 {[%emt 0:00:00]} 9. Bxc4 {[%emt 0:00:00]} Bb7 {[%emt
0:00:00]} 10. Qe2 {[%emt 0:00:00]} Ne4 {[%emt 0:00:00]} 11. Bxe7 {[%emt 0:00:
00]} Qxe7 {[%emt 0:00:00]} 12. Rc1 {[%emt 0:00:00]} Rc8 {[%emt 0:00:00]} 13.
O-O {[%emt 0:00:00]} c5 {[%emt 0:00:00]} 14. Bd3 {[%emt 0:00:00]} Nxc3 {[%emt
0:00:00]} 15. Rxc3 {[%emt 0:00:00]} Nd7 {[%emt 0:00:00]} 16. Rfc1 {[%emt 0:00:
00]} cxd4 {[%emt 0:00:00]} 17. Nxd4 {[%emt 0:00:00]} Rc5 {[%emt 0:00:00]} 18.
Ba6 {[%emt 0:00:00]} Rxc3 {[%emt 0:00:00]} 19. Rxc3 {[%emt 0:00:00]} Nc5 {
[%emt 0:00:00]} 20. Bxb7 {[%emt 0:00:00]} Qxb7 {[%emt 0:00:00]} 21. Qc2 {[%emt
0:00:00]} Rd8 {[%emt 0:00:00]} 22. b4 {[%emt 0:00:00]} e5 {[%emt 0:00:00]} 23.
bxc5 {[%emt 0:00:00]} exd4 {[%emt 0:00:00]} 24. exd4 {[%emt 0:00:00]} Rxd4 {
[%emt 0:00:00]} 25. c6 {[%emt 0:00:00]} Qc7 {[%emt 0:00:00]} 26. g3 {[%emt 0:
00:00]} Rd6 {[%emt 0:00:00]} 27. h4 {[%emt 0:00:00]} Re6 {[%emt 0:00:00]} 28.
Kh2 {[%emt 0:00:00]} Rd6 {[%emt 0:00:00]} 29. Qe2 {[%emt 0:00:00]} Re6 {[%emt
0:00:00]} 30. Qc4 {[%emt 0:00:00]} Rf6 {[%emt 0:00:00]} 31. Rc2 {[%emt 0:00:00]
} Re6 {[%emt 0:00:00]} 32. Qd5 {[%emt 0:00:00]} Kf8 {[%emt 0:00:00]} 33. Qc4 {
[%emt 0:00:00]} Kg8 {[%emt 0:00:00]} 34. Kg2 {[%emt 0:00:00]} Re5 {[%emt 0:00:
00]} 35. Qf4 {[%emt 0:00:00]} Kf8 {[%emt 0:00:00]} 36. Rc4 {[%emt 0:00:00]} Re7
{[%emt 0:00:00]} 37. Qc1 {[%emt 0:00:00]} Re6 {[%emt 0:00:00]} 38. Qa3+ {[%emt
0:00:00]} Ke8 {[%emt 0:00:00]} 39. Qf3 {[%emt 0:00:00]} Ke7 {[%emt 0:00:00]}
40. Kh2 {[%emt 0:00:00]} Ke8 {[%emt 0:00:00]} 41. Qd5 {[%emt 0:00:00]} Ke7 {
[%emt 0:00:00]} 42. a3 {[%emt 0:00:00]} Re2 {[%emt 0:00:00]} 43. Qf3 {[%emt 0:
00:00]} Re6 {[%emt 0:00:00]} 44. Qd5 {[%emt 0:00:00]} Ke8 {[%emt 0:00:00]} 45.
Rc2 {[%emt 0:00:00]} Ke7 {[%emt 0:00:00]} 46. Qc4 {[%emt 0:00:00]} Ke8 {[%emt
0:00:00]} 47. Qd4 {[%emt 0:00:00]} Rxc6 {[%emt 0:00:00]} 48. Qe4+ {[%emt 0:00:
00]} Kd7 {[%emt 0:00:00]} 49. Qd5+ {[%emt 0:00:00]} Qd6 {[%emt 0:00:00]} 50.
Qxf7+ {[%emt 0:00:00]} Kd8 {[%emt 0:00:00]} 51. Re2 {[%emt 0:00:00]} Qd7 {
[%emt 0:00:00]} 52. Qf8+ {[%emt 0:00:00]} 1-0

[Event "Otvoreno prvenstvo Paraæina za 2012. god"]
[Site "DCK - Paraæin"]
[Date "2012.01.22"]
[Round "5.6"]
[White "Popovic, Djordje D"]
[Black "Radovanovic, Nikola"]
[Result "1/2-1/2"]
[WhiteElo "2260"]
[BlackElo "2092"]
[PlyCount "50"]
[EventDate "2012.01.20"]

1. d4 {[%emt 0:00:00]} Nf6 {[%emt 0:00:00]} 2. c4 {[%emt 0:00:00]} g6 {[%emt 0:
00:00]} 3. Nc3 {[%emt 0:00:00]} d5 {[%emt 0:00:00]} 4. cxd5 {[%emt 0:00:00]}
Nxd5 {[%emt 0:00:00]} 5. e4 {[%emt 0:00:00]} Nxc3 {[%emt 0:00:00]} 6. bxc3 {
[%emt 0:00:00]} c5 {[%emt 0:00:00]} 7. Nf3 {[%emt 0:00:00]} Bg7 {[%emt 0:00:00]
} 8. Rb1 {[%emt 0:00:00]} O-O {[%emt 0:00:00]} 9. Be2 {[%emt 0:00:00]} Qc7 {
[%emt 0:00:00]} 10. O-O {[%emt 0:00:00]} b6 {[%emt 0:00:00]} 11. Qd2 {[%emt 0:
00:00]} Rd8 {[%emt 0:00:00]} 12. Qe3 {[%emt 0:00:00]} Nd7 {[%emt 0:00:00]} 13.
Bb2 {[%emt 0:00:00]} e5 {[%emt 0:00:00]} 14. d5 {[%emt 0:00:00]} f5 {[%emt 0:
00:00]} 15. exf5 {[%emt 0:00:00]} gxf5 {[%emt 0:00:00]} 16. d6 {[%emt 0:00:00]}
Qxd6 {[%emt 0:00:00]} 17. Bc4+ {[%emt 0:00:00]} Kf8 {[%emt 0:00:00]} 18. Ng5 {
[%emt 0:00:00]} Bh6 {[%emt 0:00:00]} 19. Rbd1 {[%emt 0:00:00]} Qg6 {[%emt 0:00:
00]} 20. Ne6+ {[%emt 0:00:00]} Qxe6 {[%emt 0:00:00]} 21. Bxe6 {[%emt 0:00:00]}
Bxe3 {[%emt 0:00:00]} 22. fxe3 {[%emt 0:00:00]} Ke7 {[%emt 0:00:00]} 23. Bxf5 {
[%emt 0:00:00]} Ba6 {[%emt 0:00:00]} 24. Rfe1 {[%emt 0:00:00]} Nf6 {[%emt 0:00:
00]} 25. e4 {[%emt 0:00:00]} Bc4 {[%emt 0:00:00]} 1/2-1/2

[Event "Otvoreno prvenstvo Paraæina za 2012. god"]
[Site "DCK - Paraæin"]
[Date "2012.01.22"]
[Round "5.7"]
[White "Radosavljevic, Slobodan D"]
[Black "Tosic, Dragoljub"]
[Result "1-0"]
[WhiteElo "2231"]
[BlackElo "1997"]
[PlyCount "54"]
[EventDate "2012.01.20"]

1. c4 {[%emt 0:00:00]} d6 {[%emt 0:00:00]} 2. g3 {[%emt 0:00:00]} Nf6 {[%emt 0:
00:00]} 3. Bg2 {[%emt 0:00:00]} g6 {[%emt 0:00:00]} 4. Nc3 {[%emt 0:00:00]} Bg7
{[%emt 0:00:00]} 5. Nf3 {[%emt 0:00:00]} e5 {[%emt 0:00:00]} 6. O-O {[%emt 0:
00:00]} O-O {[%emt 0:00:00]} 7. d3 {[%emt 0:00:00]} h6 {[%emt 0:00:00]} 8. Rb1
{[%emt 0:00:00]} a5 {[%emt 0:00:00]} 9. a3 {[%emt 0:00:00]} Nc6 {[%emt 0:00:00]
} 10. b4 {[%emt 0:00:00]} axb4 {[%emt 0:00:00]} 11. axb4 {[%emt 0:00:00]} Bg4 {
[%emt 0:00:00]} 12. h3 {[%emt 0:00:00]} Bd7 {[%emt 0:00:00]} 13. b5 {[%emt 0:
00:00]} Ne7 {[%emt 0:00:00]} 14. Qb3 {[%emt 0:00:00]} Ne8 {[%emt 0:00:00]} 15.
Bb2 {[%emt 0:00:00]} c6 {[%emt 0:00:00]} 16. Ra1 {[%emt 0:00:00]} Rxa1 {[%emt
0:00:00]} 17. Rxa1 {[%emt 0:00:00]} Qc8 {[%emt 0:00:00]} 18. Kh2 {[%emt 0:00:
00]} f5 {[%emt 0:00:00]} 19. bxc6 {[%emt 0:00:00]} bxc6 {[%emt 0:00:00]} 20.
Ra7 {[%emt 0:00:00]} Nf6 {[%emt 0:00:00]} 21. c5+ {[%emt 0:00:00]} Be6 {[%emt
0:00:00]} 22. Qa3 {[%emt 0:00:00]} Ned5 {[%emt 0:00:00]} 23. cxd6 {[%emt 0:00:
00]} e4 {[%emt 0:00:00]} 24. Ne5 {[%emt 0:00:00]} Nd7 {[%emt 0:00:00]} 25. Nxg6
{[%emt 0:00:00]} Qb8 {[%emt 0:00:00]} 26. Nxf8 {[%emt 0:00:00]} Nxf8 {[%emt 0:
00:00]} 27. Rxg7+ {[%emt 0:00:00]} Kxg7 {[%emt 0:00:00]} 1-0

[Event "Otvoreno prvenstvo Paraæina za 2012. god"]
[Site "DCK - Paraæin"]
[Date "2012.01.22"]
[Round "5.8"]
[White "Cvetanovic, Uros"]
[Black "Ristic, Dejan D"]
[Result "1/2-1/2"]
[WhiteElo "2214"]
[BlackElo "1850"]
[PlyCount "49"]
[EventDate "2012.01.20"]

1. e4 {[%emt 0:00:00]} d5 {[%emt 0:00:00]} 2. e5 {[%emt 0:00:00]} Bf5 {[%emt 0:
00:00]} 3. Ne2 {[%emt 0:00:00]} Nc6 {[%emt 0:00:00]} 4. Ng3 {[%emt 0:00:00]}
Bg6 {[%emt 0:00:00]} 5. f4 {[%emt 0:00:00]} e6 {[%emt 0:00:00]} 6. c3 {[%emt 0:
00:00]} d4 {[%emt 0:00:00]} 7. Qf3 {[%emt 0:00:00]} h5 {[%emt 0:00:00]} 8. Bb5
{[%emt 0:00:00]} Nge7 {[%emt 0:00:00]} 9. O-O {[%emt 0:00:00]} Qd7 {[%emt 0:00:
00]} 10. Ne4 {[%emt 0:00:00]} Qd5 {[%emt 0:00:00]} 11. Bxc6+ {[%emt 0:00:00]}
Nxc6 {[%emt 0:00:00]} 12. Ng3 {[%emt 0:00:00]} Qxf3 {[%emt 0:00:00]} 13. Rxf3 {
[%emt 0:00:00]} h4 {[%emt 0:00:00]} 14. Nh1 {[%emt 0:00:00]} Be4 {[%emt 0:00:
00]} 15. Rf1 {[%emt 0:00:00]} Bc5 {[%emt 0:00:00]} 16. Nf2 {[%emt 0:00:00]} d3
{[%emt 0:00:00]} 17. Re1 {[%emt 0:00:00]} Bf5 {[%emt 0:00:00]} 18. b4 {[%emt 0:
00:00]} Bb6 {[%emt 0:00:00]} 19. Na3 {[%emt 0:00:00]} f6 {[%emt 0:00:00]} 20.
exf6 {[%emt 0:00:00]} gxf6 {[%emt 0:00:00]} 21. Nc4 {[%emt 0:00:00]} O-O-O {
[%emt 0:00:00]} 22. a4 {[%emt 0:00:00]} a6 {[%emt 0:00:00]} 23. Ba3 {[%emt 0:
00:00]} Rhg8 {[%emt 0:00:00]} 24. Nxb6+ {[%emt 0:00:00]} cxb6 {[%emt 0:00:00]}
25. Re3 {[%emt 0:00:00] unclear} 1/2-1/2

[Event "Otvoreno prvenstvo Paraæina za 2012. god"]
[Site "DCK - Paraæin"]
[Date "2012.01.22"]
[Round "5.9"]
[White "Milovanovic, Srboljub"]
[Black "Rajic, Momcilo"]
[Result "1-0"]
[WhiteElo "2203"]
[BlackElo "1838"]
[PlyCount "49"]
[EventDate "2012.01.20"]

1. d4 {[%emt 0:00:00]} d5 {[%emt 0:00:00]} 2. c4 {[%emt 0:00:00]} Nf6 {[%emt 0:
00:00]} 3. cxd5 {[%emt 0:00:00]} Nxd5 {[%emt 0:00:00]} 4. e4 {[%emt 0:00:00]}
Nf6 {[%emt 0:00:00]} 5. Nc3 {[%emt 0:00:00]} e6 {[%emt 0:00:00]} 6. Nf3 {[%emt
0:00:00]} Be7 {[%emt 0:00:00]} 7. Bd3 {[%emt 0:00:00]} c5 {[%emt 0:00:00]} 8.
dxc5 {[%emt 0:00:00]} Bxc5 {[%emt 0:00:00]} 9. O-O {[%emt 0:00:00]} Nc6 {[%emt
0:00:00]} 10. Bg5 {[%emt 0:00:00]} Be7 {[%emt 0:00:00]} 11. Qe2 {[%emt 0:00:00]
} O-O {[%emt 0:00:00]} 12. Rfd1 {[%emt 0:00:00]} Qa5 {[%emt 0:00:00]} 13. e5 {
[%emt 0:00:00]} Nd7 {[%emt 0:00:00]} 14. Qe4 {[%emt 0:00:00]} g6 {[%emt 0:00:
00]} 15. Qh4 {[%emt 0:00:00]} Re8 {[%emt 0:00:00]} 16. Bxe7 {[%emt 0:00:00]}
Nxe7 {[%emt 0:00:00]} 17. Ng5 {[%emt 0:00:00]} Nf8 {[%emt 0:00:00]} 18. f4 {
[%emt 0:00:00]} Nf5 {[%emt 0:00:00]} 19. Bxf5 {[%emt 0:00:00]} exf5 {[%emt 0:
00:00]} 20. Nd5 {[%emt 0:00:00]} Re6 {[%emt 0:00:00]} 21. Nf6+ {[%emt 0:00:00]}
Rxf6 {[%emt 0:00:00]} 22. exf6 {[%emt 0:00:00]} Qb6+ {[%emt 0:00:00]} 23. Qf2 {
[%emt 0:00:00]} Qxf6 {[%emt 0:00:00]} 24. Qd4 {[%emt 0:00:00]} Qxd4+ {[%emt 0:
00:00]} 25. Rxd4 {[%emt 0:00:00]} 1-0

[Event "Otvoreno prvenstvo Paraæina za 2012. god"]
[Site "DCK - Paraæin"]
[Date "2012.01.22"]
[Round "5.11"]
[White "Stefanovic, Rade"]
[Black "Colovic, Zoran"]
[Result "0-1"]
[WhiteElo "1657"]
[BlackElo "2168"]
[PlyCount "65"]
[EventDate "2012.01.20"]

1. e4 {[%emt 0:00:00]} c5 {[%emt 0:00:00]} 2. c4 {[%emt 0:00:00]} Nc6 {[%emt 0:
00:00]} 3. Nf3 {[%emt 0:00:00]} Nf6 {[%emt 0:00:00]} 4. Nc3 {[%emt 0:00:00]} d6
{[%emt 0:00:00]} 5. h3 {[%emt 0:00:00]} g6 {[%emt 0:00:00]} 6. d3 {[%emt 0:00:
00]} Bg7 {[%emt 0:00:00]} 7. Be2 {[%emt 0:00:00]} a6 {[%emt 0:00:00]} 8. a3 {
[%emt 0:00:00]} Bd7 {[%emt 0:00:00]} 9. Be3 {[%emt 0:00:00]} O-O {[%emt 0:00:
00]} 10. O-O {[%emt 0:00:00]} Rb8 {[%emt 0:00:00]} 11. Rb1 {[%emt 0:00:00]} e5
{[%emt 0:00:00]} 12. Nh2 {[%emt 0:00:00]} Nd4 {[%emt 0:00:00]} 13. Bxd4 {[%emt
0:00:00]} cxd4 {[%emt 0:00:00]} 14. Nd5 {[%emt 0:00:00]} Nxd5 {[%emt 0:00:00]}
15. cxd5 {[%emt 0:00:00]} Rc8 {[%emt 0:00:00]} 16. Rc1 {[%emt 0:00:00]} Qb6 {
[%emt 0:00:00]} 17. b4 {[%emt 0:00:00]} Bh6 {[%emt 0:00:00]} 18. Rxc8 {[%emt 0:
00:00]} Rxc8 {[%emt 0:00:00]} 19. Bg4 {[%emt 0:00:00]} f5 {[%emt 0:00:00]} 20.
exf5 {[%emt 0:00:00]} gxf5 {[%emt 0:00:00]} 21. Bh5 {[%emt 0:00:00]} Rc3 {
[%emt 0:00:00]} 22. g4 {[%emt 0:00:00]} f4 {[%emt 0:00:00]} 23. Qe2 {[%emt 0:
00:00]} Qb5 {[%emt 0:00:00]} 24. Rd1 {[%emt 0:00:00]} Qxd5 {[%emt 0:00:00]} 25.
Nf3 {[%emt 0:00:00]} Rxa3 {[%emt 0:00:00]} 26. g5 {[%emt 0:00:00]} Bg7 {[%emt
0:00:00]} 27. Bg4 {[%emt 0:00:00]} Bc6 {[%emt 0:00:00]} 28. h4 {[%emt 0:00:00]}
Rb3 {[%emt 0:00:00]} 29. h5 {[%emt 0:00:00]} Rxb4 {[%emt 0:00:00]} 30. h6 {
[%emt 0:00:00]} Bh8 {[%emt 0:00:00]} 31. Kh2 {[%emt 0:00:00]} Ra4 {[%emt 0:00:
00]} 32. Qf1 {[%emt 0:00:00]} Ra2 {[%emt 0:00:00]} 33. Kg1 {[%emt 0:00:00]
unclear} 0-1

[Event "Otvoreno prvenstvo Paraæina za 2012. god"]
[Site "DCK - Paraæin"]
[Date "2012.01.22"]
[Round "5.13"]
[White "Nikolic, Milan"]
[Black "Grujic, Nebojsa"]
[Result "0-1"]
[WhiteElo "1865"]
[BlackElo "2160"]
[PlyCount "136"]
[EventDate "2012.01.20"]

1. c4 {[%emt 0:00:00]} f5 {[%emt 0:00:00]} 2. g3 {[%emt 0:00:00]} Nf6 {[%emt 0:
00:00]} 3. Bg2 {[%emt 0:00:00]} g6 {[%emt 0:00:00]} 4. d4 {[%emt 0:00:00]} Bg7
{[%emt 0:00:00]} 5. Nc3 {[%emt 0:00:00]} O-O {[%emt 0:00:00]} 6. Nf3 {[%emt 0:
00:00]} d6 {[%emt 0:00:00]} 7. O-O {[%emt 0:00:00]} c6 {[%emt 0:00:00]} 8. b3 {
[%emt 0:00:00]} Na6 {[%emt 0:00:00]} 9. Bb2 {[%emt 0:00:00]} Qe8 {[%emt 0:00:
00]} 10. Rb1 {[%emt 0:00:00]} h6 {[%emt 0:00:00]} 11. d5 {[%emt 0:00:00]} Bd7 {
[%emt 0:00:00]} 12. Re1 {[%emt 0:00:00]} Qf7 {[%emt 0:00:00]} 13. Nd2 {[%emt 0:
00:00]} g5 {[%emt 0:00:00]} 14. e4 {[%emt 0:00:00]} Nc5 {[%emt 0:00:00]} 15.
Qc2 {[%emt 0:00:00]} fxe4 {[%emt 0:00:00]} 16. Ndxe4 {[%emt 0:00:00]} Nfxe4 {
[%emt 0:00:00]} 17. Nxe4 {[%emt 0:00:00]} Bf5 {[%emt 0:00:00]} 18. Bxg7 {[%emt
0:00:00]} Qxg7 {[%emt 0:00:00]} 19. b4 {[%emt 0:00:00]} Nd7 {[%emt 0:00:00]}
20. dxc6 {[%emt 0:00:00]} bxc6 {[%emt 0:00:00]} 21. Qb3 {[%emt 0:00:00]} Qf7 {
[%emt 0:00:00]} 22. Rb2 {[%emt 0:00:00]} Ne5 {[%emt 0:00:00]} 23. c5 {[%emt 0:
00:00]} d5 {[%emt 0:00:00]} 24. Nxg5 {[%emt 0:00:00]} Qg7 {[%emt 0:00:00]} 25.
Bxd5+ {[%emt 0:00:00]} cxd5 {[%emt 0:00:00]} 26. Qxd5+ {[%emt 0:00:00]} e6 {
[%emt 0:00:00]} 27. Qxe5 {[%emt 0:00:00]} Qxe5 {[%emt 0:00:00]} 28. Rxe5 {
[%emt 0:00:00]} hxg5 {[%emt 0:00:00]} 29. c6 {[%emt 0:00:00]} Kf7 {[%emt 0:00:
00]} 30. a4 {[%emt 0:00:00]} Kf6 {[%emt 0:00:00]} 31. Rc5 {[%emt 0:00:00]} Rfd8
{[%emt 0:00:00]} 32. Rc1 {[%emt 0:00:00]} Rd4 {[%emt 0:00:00]} 33. Ra1 {[%emt
0:00:00]} Ke7 {[%emt 0:00:00]} 34. b5 {[%emt 0:00:00]} Kd8 {[%emt 0:00:00]} 35.
a5 {[%emt 0:00:00]} Be4 {[%emt 0:00:00]} 36. Rc1 {[%emt 0:00:00]} Rd6 {[%emt 0:
00:00]} 37. h4 {[%emt 0:00:00]} g4 {[%emt 0:00:00]} 38. Rb4 {[%emt 0:00:00]}
Bf3 {[%emt 0:00:00]} 39. Rf4 {[%emt 0:00:00]} Ke7 {[%emt 0:00:00]} 40. Rfc4 {
[%emt 0:00:00]} Rad8 {[%emt 0:00:00]} 41. Re1 {[%emt 0:00:00]} Rd1 {[%emt 0:00:
00]} 42. Rc1 {[%emt 0:00:00]} Rxe1+ {[%emt 0:00:00]} 43. Rxe1 {[%emt 0:00:00]}
Rd5 {[%emt 0:00:00]} 44. Rb1 {[%emt 0:00:00]} Be4 {[%emt 0:00:00]} 45. Rc1 {
[%emt 0:00:00]} Kd8 {[%emt 0:00:00]} 46. b6 {[%emt 0:00:00]} axb6 {[%emt 0:00:
00]} 47. axb6 {[%emt 0:00:00]} Rb5 {[%emt 0:00:00]} 48. b7 {[%emt 0:00:00]} Kc7
{[%emt 0:00:00]} 49. Kf1 {[%emt 0:00:00]} Rb4 {[%emt 0:00:00]} 50. Ke2 {[%emt
0:00:00]} Bxc6 {[%emt 0:00:00]} 51. b8=Q+ {[%emt 0:00:00]} Rxb8 {[%emt 0:00:00]
} 52. Ke3 {[%emt 0:00:00]} Rb4 {[%emt 0:00:00]} 53. Rc5 {[%emt 0:00:00]} Kd6 {
[%emt 0:00:00]} 54. Rg5 {[%emt 0:00:00]} Bf3 {[%emt 0:00:00]} 55. h5 {[%emt 0:
00:00]} Re4+ {[%emt 0:00:00]} 56. Kd3 {[%emt 0:00:00]} Re5 {[%emt 0:00:00]} 57.
Rxe5 {[%emt 0:00:00]} Kxe5 {[%emt 0:00:00]} 58. h6 {[%emt 0:00:00]} Be4+ {
[%emt 0:00:00]} 59. Ke3 {[%emt 0:00:00]} Bf5 {[%emt 0:00:00]} 60. f3 {[%emt 0:
00:00]} Kf6 {[%emt 0:00:00]} 61. fxg4 {[%emt 0:00:00]} Bxg4 {[%emt 0:00:00]}
62. Kf4 {[%emt 0:00:00]} Bd1 {[%emt 0:00:00]} 63. g4 {[%emt 0:00:00]} Bc2 {
[%emt 0:00:00]} 64. g5+ {[%emt 0:00:00]} Ke7 {[%emt 0:00:00]} 65. Ke5 {[%emt 0:
00:00]} Bg6 {[%emt 0:00:00]} 66. Kf4 {[%emt 0:00:00]} Kd6 {[%emt 0:00:00]} 67.
Kf3 {[%emt 0:00:00]} e5 {[%emt 0:00:00]} 68. Ke3 {[%emt 0:00:00]} Kd5 {[%emt 0:
00:00]} 0-1

[Event "Otvoreno prvenstvo Paraæina za 2012. god"]
[Site "DCK - Paraæin"]
[Date "2012.01.22"]
[Round "5.14"]
[White "Jovicic, Damir"]
[Black "Madic, Zivko"]
[Result "0-1"]
[WhiteElo "1688"]
[BlackElo "2131"]
[PlyCount "76"]
[EventDate "2012.01.20"]

1. e4 {[%emt 0:00:00]} c5 {[%emt 0:00:00]} 2. Nf3 {[%emt 0:00:00]} Nf6 {[%emt
0:00:00]} 3. Nc3 {[%emt 0:00:00]} d6 {[%emt 0:00:00]} 4. d4 {[%emt 0:00:00]}
cxd4 {[%emt 0:00:00]} 5. Nxd4 {[%emt 0:00:00]} e6 {[%emt 0:00:00]} 6. Be3 {
[%emt 0:00:00]} Be7 {[%emt 0:00:00]} 7. h3 {[%emt 0:00:00]} O-O {[%emt 0:00:00]
} 8. Qd2 {[%emt 0:00:00]} a6 {[%emt 0:00:00]} 9. Bd3 {[%emt 0:00:00]} b5 {
[%emt 0:00:00]} 10. a3 {[%emt 0:00:00]} Bb7 {[%emt 0:00:00]} 11. O-O {[%emt 0:
00:00]} Nbd7 {[%emt 0:00:00]} 12. Nde2 {[%emt 0:00:00]} Qc7 {[%emt 0:00:00]}
13. f4 {[%emt 0:00:00]} Nc5 {[%emt 0:00:00]} 14. Ng3 {[%emt 0:00:00]} Rfd8 {
[%emt 0:00:00]} 15. b4 {[%emt 0:00:00]} Ncd7 {[%emt 0:00:00]} 16. Nce2 {[%emt
0:00:00]} Nb6 {[%emt 0:00:00]} 17. c4 {[%emt 0:00:00]} bxc4 {[%emt 0:00:00]}
18. Rac1 {[%emt 0:00:00]} d5 {[%emt 0:00:00]} 19. e5 {[%emt 0:00:00]} Ne4 {
[%emt 0:00:00]} 20. Bxe4 {[%emt 0:00:00]} dxe4 {[%emt 0:00:00]} 21. Nd4 {[%emt
0:00:00]} Rac8 {[%emt 0:00:00]} 22. Qc2 {[%emt 0:00:00]} Nd5 {[%emt 0:00:00]}
23. Qxe4 {[%emt 0:00:00]} Nxe3 {[%emt 0:00:00]} 24. Qxe3 {[%emt 0:00:00]} Qb6 {
[%emt 0:00:00]} 25. Rfd1 {[%emt 0:00:00]} a5 {[%emt 0:00:00]} 26. Nc2 {[%emt 0:
00:00]} Rxd1+ {[%emt 0:00:00]} 27. Rxd1 {[%emt 0:00:00]} Qxe3+ {[%emt 0:00:00]}
28. Nxe3 {[%emt 0:00:00]} axb4 {[%emt 0:00:00]} 29. axb4 {[%emt 0:00:00]} Bxb4
{[%emt 0:00:00]} 30. Kf1 {[%emt 0:00:00]} c3 {[%emt 0:00:00]} 31. Nc2 {[%emt 0:
00:00]} Bc5 {[%emt 0:00:00]} 32. Ne2 {[%emt 0:00:00]} Be4 {[%emt 0:00:00]} 33.
Rc1 {[%emt 0:00:00]} h5 {[%emt 0:00:00]} 34. Ncd4 {[%emt 0:00:00]} Bb4 {[%emt
0:00:00]} 35. g3 {[%emt 0:00:00]} c2 {[%emt 0:00:00]} 36. Ra1 {[%emt 0:00:00]}
Bd3 {[%emt 0:00:00]} 37. Kf2 {[%emt 0:00:00]} Bc5 {[%emt 0:00:00]} 38. Ke1 {
[%emt 0:00:00]} Bxd4 {[%emt 0:00:00]} 0-1